000
00208 a2200097 4500
001
14870
100
_a
Steinberg S.H
245
_a
Historical tables
260
_a
London
_b
Macmillan
_c
090
_c
11639
_d
11639
942
_a
NUST-CAE
_c
M
_c
1824
999
_c
249943
_d
249943